Estatísticas para Top 4 da Copa do Brasil

Clique aqui para jogar o quiz

Estatísticas Gerais

  • Esse quiz foi jogado 215 vezes
  • A pontuação média é 28 de 34

Estatísticas das Respostas

Ano% Correto
Flamengo
100%
Palmeiras
100%
Corinthians
99%
Fluminense
99%
Grêmio
99%
Internacional
99%
Santos
99%
São Paulo
99%
Atlético Mineiro
98%
Cruzeiro
98%
Vasco da Gama
98%
Athletico Paranaense
97%
Botafogo
95%
Sport
92%
Coritiba
91%
Criciúma
87%
Goiás
87%
Fortaleza
85%
América Mineiro
84%
Juventude
84%
Santo André
84%
Vitória
83%
Ceará
81%
Paulista
79%
Figueirense
75%
Avaí
71%
Ponte Preta
67%
Atlético Goianiense
65%
Brasiliense
65%
Náutico
64%
Remo
57%
Ipatinga
39%
15 de Novembro
21%
Linhares
17%

Distribuição das Pontuações

Percentil de Números Respondidos

Porcentagem de Pessoas com Cada Pontuação

Sua Pontuação Histórica

Você não jogou esse quiz